000116608 001__ 116608 000116608 005__ 20250623123823.0 000116608 0247_ $$2HSB$$aalm10109270x 000116608 0247_ $$2ISBN$$a0-942220-42-0 000116608 037__ $$aRWTH-CONV-188087 000116608 041__ $$aEnglish 000116608 1001_ $$0P:(DE-82)021822$$aBaum, Heiko$$b0$$eAuthor 000116608 1112_ $$a48. National Conference on Fluid Power$$cChicago, IL$$d2000-04-04 - 2000-04-06$$wUSA 000116608 245__ $$aElectro-hydraulic/pneumatic circuit design with a modern fluid power CAE-Tool$$hprint 000116608 260__ $$aMadison, Wisc.$$bNFPA$$c2000 000116608 29510 $$aProceedings of the 48th National Conference on Fluid Power : April 4 - 6, 2000 ; held in conjunction with IFPE 2000, International Exposition for Power Transmission and Technical Conference, McCormick Place Lakeside Center, Chicago, Illinois, USA / National Fluid Power Association 000116608 3367_ $$0PUB:(DE-HGF)8$$2PUB:(DE-HGF)$$aContribution to a conference proceedings$$bcontrib$$mcontrib 000116608 3367_ $$033$$2EndNote$$aConference Paper 000116608 3367_ $$2ORCID$$aCONFERENCE_PAPER 000116608 3367_ $$2DataCite$$aOutput Types/Conference Paper 000116608 3367_ $$2DRIVER$$aconferenceObject 000116608 3367_ $$2BibTeX$$aINPROCEEDINGS 000116608 3367_ $$0PUB:(DE-HGF)7$$2PUB:(DE-HGF)$$aContribution to a book 000116608 7001_ $$0P:(DE-82)IDM00497$$aMurrenhoff, Hubertus$$b1$$eAuthor 000116608 909CO $$ooai:publications.rwth-aachen.de:116608$$pVDB 000116608 9151_ $$0StatID:(DE-HGF)0031$$2StatID$$aPeer reviewed article 000116608 9201_ $$0I:(DE-82)412810_20140620$$k412810$$lLehrstuhl und Institut für fluidtechnische Antriebe und Steuerungen$$x0 000116608 961__ $$c2012-09-21$$x2009-09-10$$z2024-02-20 000116608 970__ $$aalm10109270x 000116608 980__ $$acontrib 000116608 980__ $$aI:(DE-82)412810_20140620 000116608 980__ $$aVDB 000116608 980__ $$aUNRESTRICTED 000116608 980__ $$aConvertedRecord 000116608 980__ $$acontb 000116608 980__ $$aI:(DE-82)412810_20180620